| 000 | 00409nam a2200181Ia 4500 | ||
|---|---|---|---|
| 005 | 20250603145216.0 | ||
| 008 | 250603s9999 xx 000 0 und d | ||
| 020 | _a9789756736623 | ||
| 050 | _aBP165.5 .T66/ | ||
| 100 | _aTopbaş, Osman Nuri. | ||
| 245 | 0 | _aIslam : spirit and form | |
| 260 | _aIstambul | ||
| 260 | _bErkam | ||
| 260 | _c1982 | ||
| 300 | _a285 p | ||
| 650 | _aIstambul | ||
| 942 | _cBK | ||
| 999 |
_c41194 _d41194 |
||